Egypt and the Old Testament /

محفوظ في:

المؤلف الرئيسي: Peet, T. Eric 1882-1934 (مؤلف)

التنسيق: كتاب

اللغة: English

منشور في: Liverpool : University Press of Liverpool ltd., 1922.

سلاسل: The ancient world.

الموضوعات:

الوسوم: إضافة وسم

لا توجد وسوم, كن أول من يضع وسما على هذه التسجيلة!

رقم الطلب: BS620 .P39 1922

LEADER 00746nam a2200241I 4500
001 6676
003 OSt
005 20251016072011.0
008 130303s1922 enkb b 000 0 eng d
010 |a 23001099 
040 |c ARCE Library 
050 4 |a BS620 .P39 1922 
100 1 |a Peet, T. Eric  |q (Thomas Eric),  |d 1882-1934,  |e author  |9 37424 
245 1 0 |a Egypt and the Old Testament /  |c by T. Eric Peet. 
264 1 |a Liverpool :  |b University Press of Liverpool ltd.,  |c 1922. 
300 |a 236 pages :  |b 2 folded maps ;  |c 22 cm. 
490 0 |a The ancient world. 
504 |a Bibliography : pages 229-230. 
630 0 0 |a Bible.  |p Old Testament  |x History of contemporary events. 
650 0 |a Jews  |z Egypt. 
901 |a reviewed 
942 |c BK  |2 lcc 
999 |c 8073  |d 8073